000 00373nam a2200145Ia 4500
005 20251222144815.0
008 251222s9999||||xx |||||||||||||| ||spa||
020 _a958-94-0179-1
082 _a372.86/C24
100 _aCamacho Coy, Hipólito
245 0 _aProgramas de Educación Física para la Básica Primaria
250 _a2a.ed.
264 _bKinesis
942 _cLIB
999 _c20249
_d20249